Study Of Iqf Food Processing Technology And Processing Management For Mango Dices (Record no. 97309)
[ view plain ]
| 000 -LEADER | |
|---|---|
| fixed length control field | 00473nam a2200145Ia 4500 |
| 008 - FIXED-LENGTH DATA ELEMENTS--GENERAL INFORMATION | |
| fixed length control field | 230128s9999 xx 000 0 und d |
| 041 ## - LANGUAGE CODE | |
| Language code of text/sound track or separate title | eng |
| 082 ## - DEWEY DECIMAL CLASSIFICATION NUMBER | |
| Classification number | PAT PR0648 |
| Item number | PAT |
| 100 ## - MAIN ENTRY--PERSONAL NAME | |
| Personal name | Patil Priyanka - 2k161102; Ganesh Lotke - Guide & Sahyadri Farms |
| 9 (RLIN) | 119005 |
| 245 ## - TITLE STATEMENT | |
| Title | Study Of Iqf Food Processing Technology And Processing Management For Mango Dices |
| 260 ## - PUBLICATION, DISTRIBUTION, ETC. (IMPRINT) | |
| Date of publication, distribution, etc. | 2016 |
| Name of publisher, distributor, etc. | Savitribai Phule Pune University |
| Place of publication, distribution, etc. | Pune |
| 300 ## - PHYSICAL DESCRIPTION | |
| Extent | 66p |
| 440 ## - SERIES STATEMENT/ADDED ENTRY--TITLE | |
| Volume/sequential designation | 1 |
No items available.